Music Quiz

Random Music or Song Quiz

Dial Jenny's Phone Number Quiz Stats

 Plays Quiz Updated Oct 18, 2016

Score 0/7 Timer 00:30
11 Plays Today
% Correct
???
100%
???
91%
???
85%
???
81.8%
???
79.3%
???
75.6%
???
74.2%

You're not logged in!

Compare scores with friends on all Sporcle quizzes.
OR
Log In

You Might Also Like...

Show Comments

Extras

Top Quizzes Today


Score Distribution

Your Account Isn't Verified!

In order to create a playlist on Sporcle, you need to verify the email address you used during registration. Go to your Sporcle Settings to finish the process.

Report this User

Report this user for behavior that violates our Community Guidelines.

Details: